Catalog

Record Details

Catalog Search



Available copies

  • 4 of 4 copies available at LARL/NWRL Consortium.
  • 2 of 2 copies available at Lake Agassiz Regional Library. (Show preferred library)

Current holds

0 current holds with 4 total copies.

Show Only Available Copies
Location Call Number / Copy Notes Barcode Shelving Location Status Due Date
Bagley Public Library CON (Text) 33500013298823 Main Available -
Moorhead Public Library CON (Text) 33500013298831 Main Available -
Hallock Public Library CON (Text) 35500006334708 Main Available -
Thief River Falls Public Library CON (Text) 35500006334716 Main Available -

Record details

  • ISBN: 9781982127541
  • ISBN: 1982127546
  • ISBN: 9781982127558
  • ISBN: 1982127554
  • Physical Description: 440 pages ; 24 cm
  • Edition: First Emily Bestler Books/Atria Books hardcover ... Read More
  • Publisher: New York : Emily Bestler Books/Atria, 2020.

Content descriptions

General Note:
A prequel to the Charlie Parker series. Publishing order: follows A book of bones. -- Source: ... Read More
Summary, etc.:
"John Connolly returns with a prequel that goes ... Read More
It is 1997, and someone is slaughtering young ... Read More
Subject: Parker, Charlie "Bird" (Fictitious character) > Fiction.
Murder > Investigation > Fiction.
Arkansas > Fiction.
FICTION / Thrillers / Suspense.
FICTION / Mystery & Detective / Private Investigators.
FICTION / Southern.
Parker, Charlie "Bird" (Fictitious character)
Murder > Investigation.
Arkansas.
Genre: Mystery fiction.
Suspense fiction.
Detective and mystery fiction.
Fiction.
Thrillers (Fiction)
Mystery fiction.
Suspense fiction.
Detective and mystery fiction.
Thrillers (Fiction)
LDR 03214cam a22006378i 4500
001338824
003LARL_NWRL_CONSORTIUM
00520201117160611.0
008200327t20202020nyu 000 1 eng
010 . ‡a 2020012737
040 . ‡aDLC ‡beng ‡erda ‡cDLC ‡dT3Q ‡dOCLCO ‡dOCLCF ‡dHBP ‡dIH9 ‡dTCH ‡dIUK ‡dILC ‡dLIV ‡dYU6 ‡dJTH ‡dOCLCO
020 . ‡a9781982127541 ‡q(hardcover)
020 . ‡a1982127546 ‡q(hardcover)
020 . ‡a9781982127558 ‡q(paperback)
020 . ‡a1982127554 ‡q(paperback)
020 . ‡z9781982127565 ‡q(ebook)
035 . ‡a(OCoLC)1144810177
042 . ‡apcc
043 . ‡an-us-ar
08200. ‡a823/.914 ‡223
1001 . ‡aConnolly, John, ‡d1968- ‡eauthor. ‡0(LARL_NWRL_CONSORTIUM)127926
24514. ‡aThe dirty South / ‡cJohn Connolly.
250 . ‡aFirst Emily Bestler Books/Atria Books hardcover edition.
264 1. ‡aNew York : ‡bEmily Bestler Books/Atria, ‡c2020.
264 4. ‡c©2020
300 . ‡a440 pages ; ‡c24 cm
336 . ‡atext ‡btxt ‡2rdacontent
337 . ‡aunmediated ‡bn ‡2rdamedia
338 . ‡avolume ‡bnc ‡2rdacarrier
4900 . ‡aCharlie Parker ; ‡v18
520 . ‡a"John Connolly returns with a prequel that goes back to the very beginning of Private Investigator Charlie Parker's astonishing career with his first terrifying case"-- ‡cProvided by publisher.
500 . ‡aA prequel to the Charlie Parker series. Publishing order: follows A book of bones. -- Source: publisher info.
520 . ‡aIt is 1997, and someone is slaughtering young women in Burdon County, Arkansas. But no one in the Dirty South wants to admit it. In an Arkansas jail cell sits a former NYPD detective, stricken by grief. He is mourning the death of his wife and child, and searching in vain for their killer. Obsessed with avenging his lost family, his life is about to take a shocking turn. Witness the becoming of Charlie Parker. -- adapted from jacket
60010. ‡aParker, Charlie "Bird" ‡c(Fictitious character) ‡vFiction.
650 0. ‡aMurder ‡xInvestigation ‡vFiction. ‡0(LARL_NWRL_CONSORTIUM)166203
651 0. ‡aArkansas ‡vFiction. ‡0(LARL_NWRL_CONSORTIUM)163194
650 7. ‡aFICTION / Thrillers / Suspense. ‡2bisacsh
650 7. ‡aFICTION / Mystery & Detective / Private Investigators. ‡2bisacsh
650 7. ‡aFICTION / Southern. ‡2bisacsh
60017. ‡aParker, Charlie "Bird" ‡c(Fictitious character) ‡2fast
650 7. ‡aMurder ‡xInvestigation. ‡2fast ‡0(LARL_NWRL_CONSORTIUM)26286
651 7. ‡aArkansas. ‡2fast ‡0(LARL_NWRL_CONSORTIUM)2120
655 0. ‡aMystery fiction.
655 0. ‡aSuspense fiction.
655 7. ‡aDetective and mystery fiction. ‡2fast
655 7. ‡aFiction. ‡2fast
655 7. ‡aThrillers (Fiction) ‡2fast
655 7. ‡aMystery fiction. ‡2gsafd
655 7. ‡aSuspense fiction. ‡2gsafd
655 7. ‡aDetective and mystery fiction. ‡2lcgft
655 7. ‡aThrillers (Fiction) ‡2lcgft
77608. ‡iOnline version: ‡aConnolly, John, 1968- ‡tThe dirty South. ‡bFirst Emily Bestler Books/Atria Books hardcover edition ‡dNew York : Emily Bestler Books/Atria, 2020 ‡z9781982127565 ‡w(DLC) 2020012738
901 . ‡a338824 ‡bOCoLC ‡c338824 ‡tbiblio ‡soclc

Additional Resources